| Tag |
First Indicator |
Second Indicator |
Subfields |
| LEADER |
00000cam a22000003a 4500 |
| 001 |
in00002467487 |
| 005 |
20151110040830.0 |
| 008 |
070227s2009 enk 001 0 eng d |
| 020 |
|
|
|a 9780444518170
|
| 020 |
|
|
|a 0444518177
|
| 029 |
1 |
|
|a OHX
|b har085018041
|
| 035 |
|
|
|a (OCoLC)ocn148912013
|
| 035 |
|
|
|a (OCoLC)148912013
|
| 040 |
|
|
|a BTCTA
|c BTCTA
|d BAKER
|d YDXCP
|d OHX
|d BWX
|d CUS
|d UtOrBLW
|
| 049 |
|
|
|a TXAM
|
| 050 |
|
4 |
|a GC380.15
|b .R63 2009
|
| 100 |
1 |
|
|a Robert, Christian M.
|
| 245 |
1 |
0 |
|a Global sedimentology of the ocean :
|b an interplay between geodynamics and paleoenvironment /
|c Christian M. Robert.
|
| 250 |
|
|
|a 1st ed.
|
| 264 |
|
1 |
|a Oxford, UK :
|b Elsevier,
|c 2009.
|
| 300 |
|
|
|a ix, 487 pages :
|b illustrations, maps ;
|c 25 cm.
|
| 336 |
|
|
|a text
|b txt
|2 rdacontent
|
| 337 |
|
|
|a unmediated
|b n
|2 rdamedia
|
| 338 |
|
|
|a volume
|b nc
|2 rdacarrier
|
| 490 |
1 |
|
|a Developments in marine geology,
|x 1572-5480 ;
|v v. 3
|
| 504 |
|
|
|a Includes bibliographical references and index.
|
| 650 |
|
0 |
|a Marine sediments.
|
| 650 |
|
0 |
|a Geodynamics.
|
| 650 |
|
0 |
|a Submarine geology.
|
| 830 |
|
0 |
|a Developments in marine geology ;
|v 3.
|
| 936 |
|
|
|a PR 255742440
|
| 938 |
|
|
|a Baker and Taylor
|b BTCP
|n BK0007157716
|
| 938 |
|
|
|a Baker & Taylor
|b BKTY
|c 180.00
|d 180.00
|i 0444518177
|n 0007157716
|s active
|
| 938 |
|
|
|a YBP Library Services
|b YANK
|n 2841283
|
| 938 |
|
|
|a Otto Harrassowitz
|b HARR
|n har085018041
|c 130.00 EUR
|
| 938 |
|
|
|a Blackwell Book Service
|b BBUS
|n R7749060
|c $180.00
|
| 945 |
|
|
|a PromptCat
|b 581564
|
| 946 |
|
|
|a stk
|
| 947 |
|
|
|a A14837411417
|
| 994 |
|
|
|a 92
|b TXA
|
| 948 |
|
|
|a cataloged
|b h
|d 2009/1/5
|h c
|e asalazar
|f 2:19:45 pm
|
| 999 |
|
|
|a MARS
|
| 999 |
f |
f |
|s e384617f-7c36-339e-9758-0ab208e67d7b
|i 619e1fcb-ebb8-345f-96db-b2363e805ea9
|t 0
|
| 952 |
f |
f |
|p ric
|a Texas A&M University
|b Rellis Campus
|c Joint Library Facility
|d Remote Storage
|t 0
|e GC380.15 .R63 2009
|h Library of Congress classification
|i unmediated -- volume
|m A14837411417
|
| 998 |
f |
f |
|a GC380.15 .R63 2009
|t 0
|l Remote Storage
|